000 00513nam a2200181Ia 4500
001 11738
005 20260306162850.0
008 260306t2019||||xx |||||||||||||| ||spa||
041 _aESP
082 _aHR 100
_bENE-ABR 2019 AO
110 _aAteneo Pontificio Regina Apostolorum
245 0 _aAlpha omega :
_brivista di filosofía e teología dell" Ateneo Pontificio Regina Apostolorum
260 _c2019
300 _a228 páginas :
_c24 cm.
650 _aGEN
654 _aCHU
942 _cREV
_dJUS
_fJUS
_2ddc
_n
999 _c11738
_d11738